|
|
|
|
| LEADER |
01130nam a2200265 a 4500 |
| 001 |
GR-MES14932 |
| 008 |
080211s2006 gr 000 b eng d |
| 020 |
|
|
|z 0-471-77636-9
|
| 040 |
|
|
|a GrPaTEI
|b gre
|c GR-PaULI
|
| 040 |
|
|
|a GrPaTEI
|b gre
|c GR-PaULI
|
| 082 |
|
0 |
|a 553.7
|2 21
|
| 100 |
1 |
|
|a Hill, Mary C.
|
| 245 |
1 |
0 |
|a Effective groundwater model calibration :
|b With analysis of data, sensitivities, predictions and uncertainty /
|c Mary C. Hill, Claire R. Tiedeman.
|
| 260 |
|
|
|a New Jersey :
|b Wiley-Interscience,
|c c2006
|
| 300 |
|
|
|a xviii, 455 σ. :
|b εικ. ;
|c 24 εκ.
|
| 500 |
|
|
|a Περιλαμβάνει ευρετήριο.
|
| 504 |
|
|
|a Βιβλιογραφία:σ. 407-426
|
| 650 |
|
0 |
|a Groundwater
|x Mathematical models
|
| 650 |
|
0 |
|a Hydrologic models
|
| 650 |
|
4 |
|a Υδρογεωλογία
|
| 700 |
1 |
|
|a Tiedeman, Claire R.
|
| 942 |
|
|
|2 ddc
|
| 952 |
|
|
|0 0
|1 0
|2 ddc
|4 0
|6 553_700000000000000
|7 0
|9 272788
|a MSLG
|b MSLG
|c BSC
|d 2021-01-17
|e 24
|f 0
|g 0.00
|l 0
|o 553.7
|p 2420000023646
|r 2021-01-17 00:00:00
|t 1
|w 2021-01-17
|y BK15
|x 20090316 0 ΤΣΑΝΤΑΡΛΙΩΤΗ 1
|x GrPaTEI
|
| 971 |
|
|
|a .b25809817
|b 15-04-20
|c 13-09-16
|
| 999 |
|
|
|c 157833
|d 157833
|